000 00999 a2200229 4500
005 20260213162832.0
008 260213b |||||||| |||| 00| 0 eng d
020 _a9789392998669 (hbk)
037 _cTB
040 _aCRL
_cCRL
041 _2hin
_ahin
084 _aO152,6N12x R4
_qCRL
100 _aशर्मा, विजय मोहन
_9861557
245 _aरामविलास शर्मा:
_bप्रतिनिधि निबंध
260 _aदिल्ली, भारत:
_bनयी किताब प्रकाशन,
_c2024.
300 _a175पृ.
365 _b400.00
_cINR
650 _aहिन्दी निबंध
_91115843
650 _aहिन्दी साहित्य
_91115844
942 _cTB
_2CC
_n0
_hO152,6N12x R4
999 _c1466826
_d1466826